[Event "Coimbra Queima das Fitas op"]
[Site "Coimbra"]
[Date "2015.05.03"]
[Round "7"]
[White "Prazeres, Joao Pires Azevedo"]
[Black "Fernandes, Tiago Saraiva"]
[Result "0-1"]
[WhiteElo "1529"]
[BlackElo "1705"]
[PlyCount "108"]
[EventDate "2015.04.30"]
[EventType "swiss"]
[EventRounds "7"]
[EventCountry "POR"]
[SourceTitle "EXT 2018"]
[Source "ChessBase"]
[SourceDate "2017.10.13"]
[SourceVersion "1"]
[SourceVersionDate "2017.10.13"]
[SourceQuality "1"]

1. d4 c5 2. d5 Nf6 3. c4 b5 4. cxb5 a6 5. bxa6 Bxa6 6. Nc3 g6 7. g3 Bg7 8. Bg2 d6 9. Nf3 0-0 10. 0-0 Nbd7 11. Re1 Qa5 12. Bd2 Rfb8 13. Rb1 Nb6 14. Qc2 Nc4 15. Qa4 Qxa4 16. Nxa4 Nxd5 17. b3 Nxd2 18. Nxd2 Bb7 19. Nc4 Nf6 20. Rec1 Bxg2 21. Kxg2 Ra7 22. f3 Bh6 23. Rd1 Nd7 24. e4 Bg7 25. f4 Bd4 26. Kf3 Ra6 27. Ne3 Nb6 28. Nxb6 Rbxb6 29. Nd5 Rb7 30. Rd2 Kf8 31. Rc2 e6 32. Ne3 Rba7 33. a4 Rb7 34. Ra2 Rab6 35. Ra3 Bxe3 36. Kxe3 c4 37. a5 Rxb3+ 38. Raxb3 cxb3 39. a6 Ra7 40. Rxb3 Rxa6 41. Rd3 Ke7 42. Rd2 Kf6 43. Rxd6 Rxd6 44. e5+ Ke7 45. exd6+ Kxd6 46. Kd4 f6 47. h3 h6 48. g4 g5 49. f5 e5+ 50. Ke4 Kc5 51. Ke3 Kd5 52. Kd3 e4+ 53. Ke3 Ke5 54. Ke2 Kf4 0-1